Tutor para la construcción de páginas WEB
Muestra el uso y potencialidad de video clips como herramienta auxiliar para el aprendizaje, desarrollando un video que muestra como diseñar páginas web (ver Apéndice 1), con el auxilio de una herramienta de construcción, en este caso AOLpress (ver Apéndice 1). El propósito de este sistema es...
| Main Author: | |
|---|---|
| Other Authors: | |
| Format: | Tesis Section = Libro |
| Language: | Undetermined Spanish |
| Published: |
Managua
UNI
1997
|
| Subjects: |
| LEADER | 01297nam a2200229Ia 4500 | ||
|---|---|---|---|
| 008 | 240830s9999 xx 000 0 und d | ||
| 040 | |a BIBLIOTECA-RUSB/ Mon 001.6425 V335 | ||
| 041 | |a spa | ||
| 082 | |a Mon 001.6425 V335 | ||
| 100 | 1 | |a Vásquez M., Martha | |
| 245 | 1 | 0 | |a Tutor para la construcción de páginas WEB |
| 260 | |a Managua |b UNI |c 1997 | ||
| 300 | |a 74 p. :il. | ||
| 500 | |a Contiene: apéndices y anexos. | ||
| 502 | |a Tesis (Ingeniero en Computación) - UNI, 1997. | ||
| 520 | 3 | |a Muestra el uso y potencialidad de video clips como herramienta auxiliar para el aprendizaje, desarrollando un video que muestra como diseñar páginas web (ver Apéndice 1), con el auxilio de una herramienta de construcción, en este caso AOLpress (ver Apéndice 1). El propósito de este sistema es satisfacer la demanda proveyendo al no experto de una alternativa para apoyar su autoaprendizaje sin necesidad de apropiarse de grandes conocimientos tecnológicos. Enfoca informática educativa, multimedia, requerimientos y desarrollo del tutor, uso del software multimedia, contenido del sistema tutor. | |
| 650 | 7 | |a PROGRAMAS (SOFTWARE) Y SU USO | |
| 650 | 7 | |b ENSEÑANZA POR COMPUTADORAS | |
| 700 | 1 | |a Tutor: |b Quintana Bonilla, Marisela | |
| 942 | |c BK |2 ddc | ||
| 991 | |a TESIS | ||
| 999 | |c 19560 | ||